000
00294nam a22001337a 4500
020
_a
978-93-5103-806-1
082
_a
001
_b
BRY/E
100
_a
BRYAN, DALE-MARIE
245
_a
EXPERIMENTS WITH MAGNENTS
260
_a
NEW YORK
_b
SCHOLASTIC
300
_a
48
650
_a
GK
_z
NEW YORK
942
_c
BK
999
_c
6321
_d
6321